Geography Quiz

Random Geography or World Quiz

Capital Beginnings Hunt Quiz Stats

Quiz Updated Oct 1, 2013

Challenge
Share
Tweet
Embed
Score 0/15 Timer 03:00
4 Plays Today
% Correct
ZUR
51.8%
WEN
47.7%
AMP
47%
LOS
45.6%
TOR
44.9%
IST
44.8%
JOH
44%
IND
43.3%
% Correct
SWA
42.9%
PER
41.3%
YAN
40.9%
GRE
40.9%
GAM
40.2%
KIS
39.3%
MAG
38.3%

You're not logged in!

Compare scores with friends on all Sporcle quizzes.
Join for Free
OR
Log In

You Might Also Like...

Show Comments

Extras

Top Quizzes Today


Score Distribution

Your Account Isn't Verified!

In order to create a playlist on Sporcle, you need to verify the email address you used during registration. Go to your Sporcle Settings to finish the process.

Report this User

Report this user for behavior that violates our Community Guidelines.

Details: